Länder und ihre Traditionsschnäpse - Statistiken

Allgemein
  • Dieses Quiz wurde 173 mal gespielt
  • Das Durchschnittsergebnis liegt bei 5 aus 8
Antwortstatistiken
Land Schnaps % Korrekt
Russland Wodka
96%
Griechenland Ouzo
87%
Schottland + Irland Whiskey
83%
Mexiko Tequila
80%
Kuba Rum
71%
Türkei Raki
62%
Italien Grappa / Limoncello
56%
Japan Shōchū
5%
Keine übereinstimmenden Quizze gefunden
Verteilung der Resultate
Anzahl Personen mit jedem Resultat
Perzentil nach korrekt beantworteten Fragen
Ihre Resultats-Entwicklung
Sie haben dieses Quiz noch nicht gespielt